[Event "2MCR_3DE_1L_2S"]
[Site "?"]
[Date "2007.??.??"]
[Round "?"]
[White "Prochazka, Dalibor"]
[Black "Hala, Martin"]
[Result "0-1"]
[WhiteElo "2200"]
[BlackElo "2368"]
[Annotator "090"]
[PlyCount "96"]
[EventDate "2007.??.??"]
[EventType "corr"]
[EventRounds "1"]
[SourceDate "2007.01.28"]

1. e4 e5 2. f4 Bc5 3. Nc3 d6 4. Nf3 Nf6 5. Bc4 Nc6 6. d3 a6 7. Nd5 Bg4 8. c3
O-O 9. b4 Ba7 10. f5 Nxd5 11. Bxd5 a5 12. b5 Ne7 13. Bxb7 Rb8 14. Ba6 c6 15. a4
cxb5 16. axb5 d5 17. Qa4 dxe4 18. dxe4 Bxf3 19. gxf3 Nxf5 20. exf5 e4 21. Bd2
Bf2+ 22. Kxf2 Qxd2+ 23. Kg3 Qg5+ 24. Kf2 Rbd8 25. Rad1 e3+ 26. Ke2 Rfe8 27. Qg4
Rd2+ 28. Rxd2 exd2+ 29. Kd1 Qe3 30. Kc2 Qe1 31. Qd4 Qxh1 32. Qxd2 Qxf3 33. Qd7
Qf2+ 34. Kb3 a4+ 35. Kxa4 Qa2+ 36. Kb4 Qb2+ 37. Ka4 Re4+ 38. Ka5 Qxc3+ 39. Kb6
Qe3+ 40. Kc6 g6 41. b6 gxf5 42. Qc8+ Kg7 43. b7 Re6+ 44. Qxe6 Qxe6+ 45. Kc7
Qe5+ 46. Kc8 Qc5+ 47. Kb8 f4 48. Ka8 Qb6 0-1

[Event "2MCR_3DE_1L_2S"]
[Site "?"]
[Date "2007.??.??"]
[Round "?"]
[White "Pravec, Ladislav"]
[Black "Hala, Martin"]
[Result "1-0"]
[WhiteElo "2352"]
[BlackElo "2368"]
[Annotator "091"]
[PlyCount "89"]
[EventDate "2007.??.??"]
[EventType "corr"]
[EventRounds "1"]
[SourceDate "2007.01.28"]

1. d4 Nf6 2. c4 g6 3. Nc3 Bg7 4. e4 d6 5. Be2 O-O 6. Nf3 e5 7. O-O Nc6 8. d5
Ne7 9. Ne1 Nd7 10. f3 f5 11. Be3 f4 12. Bf2 g5 13. a4 Rf7 14. c5 Nxc5 15. Bxc5
dxc5 16. Bc4 a6 17. d6 cxd6 18. Qb3 Qf8 19. Nd5 Nxd5 20. Bxd5 Bf6 21. Rf2 Bd8
22. Rd1 Bc7 23. Rfd2 Kg7 24. Bxf7 Qxf7 25. Qc3 Qe7 26. Nd3 b5 27. Nf2 bxa4 28.
Ra1 Bd7 29. Nd1 Rb8 30. Qc4 Bb5 31. Qd5 Rd8 32. Nc3 Ba5 33. Rc2 Qd7 34. Kh1 g4
35. Nxb5 axb5 36. fxg4 c4 37. g3 fxg3 38. Rf1 Rf8 39. Rf5 Be1 40. Rc1 Bf2 41.
Rf1 Rxf5 42. exf5 Kf8 43. Kg2 Bd4 44. f6 gxh2 45. Qa8+ 1-0

[Event "2MCR_3DE_1L_1S"]
[Site "?"]
[Date "2007.??.??"]
[Round "?"]
[White "Kuchta, Jiri"]
[Black "Ryvova, Anna"]
[Result "0-1"]
[WhiteElo "2244"]
[BlackElo "2254"]
[Annotator "085"]
[PlyCount "131"]
[EventDate "2007.??.??"]
[EventType "corr"]
[EventRounds "1"]
[SourceDate "2007.01.28"]

1. d4 Nf6 2. c4 e6 3. Nf3 b6 4. g3 Ba6 5. Nbd2 Bb7 6. Bg2 Be7 7. O-O O-O 8. Qc2
d5 9. cxd5 exd5 10. b3 Nbd7 11. Bb2 Re8 12. Ne5 c5 13. e3 Rc8 14. Qf5 g6 15.
Qb1 Bd6 16. Nxd7 Nxd7 17. dxc5 Nxc5 18. Nf3 Qd7 19. Rc1 h5 20. Rc2 Ne4 21. a4
Rc5 22. Qd1 Rxc2 23. Qxc2 Rc8 24. Qe2 Bb4 25. Nd4 Qe7 26. Qd3 Qf6 27. Rf1 Bc3
28. Bxc3 Rxc3 29. Qe2 h4 30. gxh4 Qxh4 31. a5 Qg5 32. axb6 axb6 33. Qb5 Qf6 34.
Qa4 Rc8 35. b4 Rc4 36. Qa7 Bc8 37. Qa8 Nc3 38. Bh3 Qg5+ 39. Kh1 Ne4 40. f4 Qd8
41. Bg2 Nf6 42. Nc6 Qe8 43. b5 Kg7 44. Qa7 Rc5 45. Qa3 Rxb5 46. Nd4 Ra5 47. Qc3
Rc5 48. Qb3 b5 49. Re1 Ne4 50. Qb2 Kg8 51. Kg1 Bd7 52. Bf3 Qc8 53. Kh1 Bg4 54.
Bg2 b4 55. Kg1 Rc4 56. Qb1 Bh3 57. Bxe4 dxe4 58. Kh1 b3 59. f5 Rxd4 60. exd4
Qc3 61. Qxe4 Bxf5 62. Qe8+ Kg7 63. Qe5+ Kh7 64. Kg2 b2 65. Kf2 Qc2+ 66. Kg3 0-1

[Event "2MCR_3DE_1L_2S"]
[Site "?"]
[Date "2007.??.??"]
[Round "?"]
[White "Pravec, Ladislav"]
[Black "Bares, Jiri"]
[Result "1-0"]
[WhiteElo "2352"]
[BlackElo "2214"]
[Annotator "092"]
[PlyCount "122"]
[EventDate "2007.??.??"]
[EventType "corr"]
[EventRounds "1"]
[SourceDate "2007.01.28"]

1. d4 d5 2. c4 c6 3. Nf3 Nf6 4. Nc3 e6 5. e3 Nbd7 6. Bd3 dxc4 7. Bxc4 b5 8. Bd3
Bb7 9. O-O a6 10. e4 c5 11. d5 c4 12. Bc2 Qc7 13. dxe6 fxe6 14. Nd4 Nc5 15. Be3
e5 16. Nf5 Ncxe4 17. Nxe4 Nxe4 18. Qe2 g6 19. Nh6 Nf6 20. Rad1 Qc6 21. f3 Qe6
22. Bg5 Bxh6 23. Bxh6 Kf7 24. Qf2 Rad8 25. Bg5 Rxd1 26. Rxd1 Re8 27. Qh4 h5 28.
Qf2 Kg7 29. h4 e4 30. Qa7 Re7 31. fxe4 Rd7 32. Bxf6+ Kxf6 33. e5+ Kg7 34. Rxd7+
Qxd7 35. Be4 Bc8 36. Qxd7+ Bxd7 37. a3 a5 38. Kf2 b4 39. axb4 axb4 40. Ke3 c3
41. bxc3 bxc3 42. Kd3 Kh6 43. Kxc3 g5 44. g3 Bg4 45. Kd4 Be6 46. Kc5 Bg4 47.
Kd6 gxh4 48. gxh4 Bc8 49. Kc5 Kg7 50. Kd4 Be6 51. Ke3 Kh6 52. Kf4 Bf7 53. Bf5
Bc4 54. Bh3 Kg6 55. Bd7 Bd5 56. Be8+ Kh6 57. Kf5 Bf3 58. Kf6 Bd5 59. Bf7 Bc6
60. e6 Bb5 61. e7 Ba4 1-0

[Event "2MCR_3DE_1L_1S"]
[Site "?"]
[Date "2007.??.??"]
[Round "?"]
[White "Jandovsky, Viktor"]
[Black "Blecha, Miroslav"]
[Result "1/2-1/2"]
[WhiteElo "2275"]
[BlackElo "2227"]
[Annotator "086"]
[PlyCount "102"]
[EventDate "2007.??.??"]
[EventType "corr"]
[EventRounds "1"]
[SourceDate "2007.01.28"]

1. e4 c5 2. Nf3 d6 3. d4 cxd4 4. Nxd4 Nf6 5. Nc3 a6 6. Be3 e5 7. Nb3 Be6 8. f3
Be7 9. Qd2 O-O 10. O-O-O Nbd7 11. g4 b5 12. g5 b4 13. Ne2 Ne8 14. f4 a5 15. f5
a4 16. fxe6 axb3 17. exf7+ Rxf7 18. Kb1 bxc2+ 19. Qxc2 Bxg5 20. Bxg5 Qxg5 21.
Ng3 Kh8 22. Qb3 Rf4 23. Qxb4 Nc5 24. Bb5 Rb8 25. Qa5 Nxe4 26. Nxe4 Rxe4 27.
Bxe8 Rxe8 28. Rxd6 Rf4 29. Qb5 Rff8 30. Re1 Qf5+ 31. Qd3 e4 32. Qe3 h6 33. Rd4
Qg6 34. Rg1 Qe6 35. Rd2 Rf3 36. Qd4 Qf7 37. Qd7 Qf8 38. Rgd1 Kh7 39. a4 Re7 40.
Qd8 Qxd8 41. Rxd8 e3 42. Re1 Rf2 43. Rd3 e2 44. Kc2 Rxh2 45. b4 Rh4 46. Rb3 Rd4
47. a5 Rc7+ 48. Kb2 Rd2+ 49. Ka3 Rcc2 50. Re3 g5 51. Ka4 Ra2+ 1/2-1/2

[Event "2MCR_3DE_1L_1S"]
[Site "?"]
[Date "2007.??.??"]
[Round "?"]
[White "Hybl, Vladislav"]
[Black "Ryvova, Anna"]
[Result "1/2-1/2"]
[WhiteElo "2303"]
[BlackElo "2254"]
[Annotator "087"]
[PlyCount "85"]
[EventDate "2007.??.??"]
[EventType "corr"]
[EventRounds "1"]
[SourceDate "2007.01.28"]

1. e4 e6 2. d4 d5 3. Nc3 Nf6 4. Bg5 Be7 5. e5 Nfd7 6. Bxe7 Qxe7 7. f4 O-O 8.
Nf3 c5 9. dxc5 Nc6 10. Qd2 Qxc5 11. O-O-O Nb6 12. h4 Bd7 13. h5 Na5 14. h6 g6
15. Qd4 Rac8 16. Qxc5 Rxc5 17. Nh2 f6 18. Ng4 fxe5 19. fxe5 Be8 20. Nf6+ Kh8
21. Be2 Bf7 22. Rhf1 Nc6 23. Nfxd5 Nxd5 24. Nxd5 Rxd5 25. Rxd5 exd5 26. e6 Ne5
27. exf7 Rxf7 28. Rd1 Re7 29. Rxd5 Nf7 30. Kd2 Rc7 31. c4 Nxh6 32. b4 Kg7 33.
c5 Kf6 34. a4 Nf5 35. a5 a6 36. Bf3 h5 37. Rd8 Nh4 38. Be4 Ke5 39. Re8+ Kf4 40.
g3+ Kxg3 41. Rb8 Nf3+ 42. Ke3 Re7 43. Rxb7 1/2-1/2

[Event "2MCR_3DE_1L_1S"]
[Site "?"]
[Date "2007.??.??"]
[Round "?"]
[White "Hybl, Vladislav"]
[Black "Toman, Antonin"]
[Result "1-0"]
[WhiteElo "2303"]
[BlackElo "2271"]
[Annotator "088 - PCL"]
[PlyCount "87"]
[EventDate "2007.??.??"]
[EventType "corr"]
[EventRounds "1"]
[SourceDate "2007.01.28"]

1. d4 d5 2. c4 Nc6 3. Nc3 dxc4 4. Nf3 Nf6 5. e4 Bg4 6. Be3 e6 7. Bxc4 Bb4 8.
Qc2 O-O 9. Rd1 Qe7 10. Be2 e5 11. d5 Nd4 12. Nxd4 exd4 13. Rxd4 Bxe2 14. Kxe2
Ng4 15. Nd1 Rac8 16. Qb3 a5 17. f3 c5 18. dxc6 Nxe3 19. Nxe3 Rxc6 20. Nd5 Qg5
21. g3 Bc5 22. Qxb7 Rcc8 23. Rd2 Qh6 24. Qb3 Kh8 25. h4 f5 26. e5 Rfe8 27. f4
g5 28. Qd3 gxf4 29. gxf4 Qg6 30. Qf3 Bb4 31. Nxb4 axb4 32. Rhd1 Rc4 33. Rd8 Rc8
34. h5 Qf7 35. Rxe8+ Rxe8 36. Kf2 Rc8 37. a3 bxa3 38. bxa3 Qg7 39. e6 Qe7 40.
Re1 h6 41. Kf1 Rc4 42. Qg3 Rc8 43. Qg6 Qxa3 44. Qxh6+ 1-0

[Event "2MCR_3DE_1L_2S"]
[Site "?"]
[Date "2007.??.??"]
[Round "?"]
[White "Prochazka, Dalibor"]
[Black "Bares, Jiri"]
[Result "1/2-1/2"]
[WhiteElo "2200"]
[BlackElo "2214"]
[Annotator "093"]
[PlyCount "96"]
[EventDate "2007.??.??"]
[EventType "corr"]
[EventRounds "1"]
[SourceDate "2007.01.28"]

1. d4 d5 2. c4 e6 3. Nc3 Nf6 4. Bg5 Be7 5. cxd5 exd5 6. e3 O-O 7. Qc2 h6 8. Bh4
c6 9. Bd3 Nbd7 10. Nge2 Re8 11. f3 Qc7 12. Bf2 c5 13. g4 c4 14. Bf5 Nb6 15.
O-O-O Bxf5 16. Qxf5 Qd7 17. Qc2 Nh7 18. h4 Bd6 19. g5 h5 20. e4 Nf8 21. e5 Bb4
22. f4 Bxc3 23. bxc3 Na4 24. f5 b5 25. Nf4 a5 26. Be1 b4 27. cxb4 c3 28. Nxh5
Qb5 29. e6 Qxb4 30. exf7+ Kxf7 31. Qb3 Qxb3 32. axb3 Nb2 33. g6+ Kg8 34. Nf4
Nxd1 35. Kxd1 Re4 36. Rf1 Nd7 37. Kc2 a4 38. bxa4 Rxa4 39. Bxc3 Nf6 40. Kd3 Re8
41. Rb1 Ra3 42. Rb5 Rc8 43. Rc5 Rxc5 44. dxc5 d4 45. Kxd4 Ra4+ 46. Ke3 Ng4+ 47.
Kf3 Nh2+ 48. Kg3 Nf1+ 1/2-1/2

[Event "2MCR_3DE_1L_3S"]
[Site "?"]
[Date "2007.??.??"]
[Round "?"]
[White "Nigrin, Jiri"]
[Black "Jirku, Jaroslav"]
[Result "1/2-1/2"]
[WhiteElo "2002"]
[BlackElo "2299"]
[Annotator "090"]
[PlyCount "134"]
[EventDate "2007.??.??"]
[EventType "corr"]
[EventRounds "1"]
[SourceDate "2007.01.28"]

1. e4 e5 2. Nf3 Nf6 3. d4 Nxe4 4. Bd3 d5 5. Nxe5 Bd6 6. O-O O-O 7. f3 Nf6 8.
Bg5 c5 9. Ng4 Be7 10. dxc5 Nxg4 11. Bxe7 Qxe7 12. fxg4 Qxc5+ 13. Kh1 Nc6 14.
Nc3 Ne5 15. g5 Bg4 16. Qd2 Nxd3 17. Qxd3 d4 18. Ne4 Qb6 19. b3 Rfd8 20. h3 Be6
21. Rae1 Rac8 22. a3 Qc7 23. Re2 a5 24. a4 Rd5 25. Kg1 b6 26. Rd1 Rcd8 27. Rde1
Qe7 28. h4 Qd7 29. Qg3 Kh8 30. Nf2 b5 31. Ra1 b4 32. Rae1 Qd6 33. Qxd6 R8xd6
34. Nd3 Kg8 35. Kh2 Kf8 36. g4 Rc6 37. Kg3 Rc3 38. Rd2 Bd7 39. Kf4 f6 40. gxf6
gxf6 41. Rf1 Kf7 42. Kg3 h6 43. Rf3 Bc8 44. Rdf2 Rc6 45. Rf4 f5 46. h5 Kf6 47.
Kh4 Bd7 48. Re2 Re6 49. Rg2 Re3 50. Rff2 Re4 51. Rf1 Kg7 52. Rf4 Kh7 53. Rgf2
Be6 54. Rf1 Re2 55. gxf5 Bc8 56. Ne1 Ree5 57. Kg4 Kg7 58. Nd3 Re8 59. Kh4 Re2
60. Rg4+ Kh7 61. Nf4 Rxf5 62. Nxe2 Rxf1 63. Rxd4 Rh1+ 64. Kg3 Rxh5 65. Rd6 Rg5+
66. Kf4 Rg4+ 67. Ke3 Rg6 1/2-1/2

[Event "2MCR_3DE_1L_2S"]
[Site "?"]
[Date "2007.??.??"]
[Round "?"]
[White "Alexa, Jaroslav"]
[Black "Nepustil, Frantisek"]
[Result "0-1"]
[WhiteElo "2374"]
[BlackElo "2335"]
[Annotator "094"]
[PlyCount "82"]
[EventDate "2007.??.??"]
[EventType "corr"]
[EventRounds "1"]
[SourceDate "2007.01.28"]

1. d4 Nf6 2. c4 e5 3. dxe5 Ng4 4. Bf4 Nc6 5. Nf3 Bb4+ 6. Nc3 Bxc3+ 7. bxc3 Qe7
8. Qd5 f6 9. exf6 Nxf6 10. Qd3 d6 11. g3 b6 12. Bg2 Bb7 13. O-O Na5 14. Nd2
Bxg2 15. Kxg2 O-O 16. Bg5 Kh8 17. Rae1 Qd7 18. f4 Qc6+ 19. e4 Nd7 20. Qd5 Rae8
21. Nb3 Qa4 22. Qb5 Qxa2+ 23. Rf2 Qxb3 24. Qxd7 Qxc3 25. Ree2 Qxc4 26. e5 dxe5
27. Rxe5 Rxe5 28. fxe5 Qc6+ 29. Kg1 Qc5 30. Bf4 Nc4 31. e6 Ne5 32. Qd1 Ng6 33.
Qd7 Kg8 34. Kf1 Ne5 35. Qd2 Qc4+ 36. Qe2 Qxe2+ 37. Rxe2 Ng6 38. e7 Re8 39. Bxc7
Rxe7 40. Rc2 Kf7 41. h3 Ke6 0-1

[Event "2MCR_3DE_1L_2S"]
[Site "?"]
[Date "2007.??.??"]
[Round "?"]
[White "Bares, Jiri"]
[Black "Popelka, Miloslav"]
[Result "1/2-1/2"]
[WhiteElo "2214"]
[BlackElo "2147"]
[Annotator "095"]
[PlyCount "99"]
[EventDate "2007.??.??"]
[EventType "corr"]
[EventRounds "1"]
[SourceDate "2007.01.28"]

1. d4 Nf6 2. c4 e6 3. Nf3 b6 4. e3 Bb7 5. Bd3 d5 6. O-O Bd6 7. Nc3 O-O 8. b3
Nbd7 9. Bb2 a6 10. cxd5 exd5 11. Qc2 Qe7 12. Nd2 Rfe8 13. Rae1 c5 14. e4 cxd4
15. Nxd5 Nxd5 16. exd5 Qh4 17. Nf3 Qh5 18. Bxd4 Bxd5 19. Be4 Rac8 20. Qd3 Rxe4
21. Rxe4 Nc5 22. Bxc5 Bxe4 23. Qxe4 Qxc5 24. g3 g6 25. Rd1 Bf8 26. Kg2 Qc6 27.
Qf4 b5 28. h4 h5 29. g4 hxg4 30. Qxg4 Re8 31. h5 Re4 32. Qg3 Qc8 33. Nh2 Re6
34. Nf3 Qc5 35. Rh1 Rf6 36. Rh3 Qd5 37. Qh4 Be7 38. Qd4 Qxd4 39. Nxd4 Rd6 40.
Nf3 Kg7 41. hxg6 Rxg6+ 42. Rg3 Kf6 43. a4 Rxg3+ 44. fxg3 bxa4 45. bxa4 Ke6 46.
g4 Kd5 47. Kg3 Ke4 48. Nd2+ Ke3 49. Nc4+ Kd4 50. Na5 1/2-1/2

[Event "2MCR_3DE_1L_1S"]
[Site "?"]
[Date "2007.??.??"]
[Round "?"]
[White "Blecha, Miroslav"]
[Black "Ryvova, Anna"]
[Result "0-1"]
[WhiteElo "2227"]
[BlackElo "2254"]
[Annotator "089"]
[PlyCount "130"]
[EventDate "2007.??.??"]
[EventType "corr"]
[EventRounds "1"]
[SourceDate "2007.01.28"]

1. e4 e6 2. d4 d5 3. Nc3 Nf6 4. Bg5 Be7 5. e5 Nfd7 6. Bxe7 Qxe7 7. f4 O-O 8.
Nf3 c5 9. dxc5 Nc6 10. Qd2 Nxc5 11. O-O-O a6 12. Qe3 b5 13. Bd3 Nxd3+ 14. Rxd3
b4 15. Na4 Qc7 16. Qb6 Ra7 17. Qxc7 Rxc7 18. Nd4 Bd7 19. Nb6 Be8 20. Kd2 Nxd4
21. Rxd4 a5 22. a3 f6 23. exf6 Bg6 24. axb4 Rxc2+ 25. Ke3 axb4 26. Rxb4 gxf6
27. g4 Rd8 28. Rd1 Rxh2 29. f5 Bf7 30. fxe6 Bxe6 31. Rbd4 Rb8 32. Nxd5 Rb3+ 33.
Nc3 Rbxb2 34. Ne4 Kf7 35. g5 Rh3+ 36. Kf4 f5 37. Nc5 Rf2+ 38. Ke5 Re2+ 39. Kf4
Rc2 40. Nxe6 Rf2+ 41. Ke5 Re3+ 42. Kd5 Rxe6 43. Rh1 Re8 44. Rxh7+ Kg6 45. Rdh4
Rd2+ 46. Kc4 Rc8+ 47. Kb3 Kxg5 48. R7h5+ Kf6 49. Rf4 Rd5 50. Rb4 Rd3+ 51. Kb2
Kg6 52. Rh2 Rg3 53. Rf2 Rgc3 54. Rb5 R3c5 55. Rb6+ Kg5 56. Rg2+ Kf4 57. Rb3 Rc4
58. Rf2+ Kg5 59. Rb5 Rf4 60. Rg2+ Kh4 61. Rg1 Rf2+ 62. Kb3 Kh3 63. Re5 Kh2 64.
Rg7 Rh8 65. Kc4 f4 0-1

[Event "2MCR_3DE_1L_3S"]
[Site "?"]
[Date "2007.??.??"]
[Round "?"]
[White "Splichal, Josef"]
[Black "Fric, Pavel"]
[Result "0-1"]
[WhiteElo "2168"]
[BlackElo "2184"]
[Annotator "091"]
[PlyCount "164"]
[EventDate "2007.??.??"]
[EventType "corr"]
[EventRounds "1"]
[SourceDate "2007.01.28"]

1. e4 c5 2. Nf3 d6 3. d4 cxd4 4. Nxd4 Nf6 5. Nc3 a6 6. Bg5 e6 7. Be2 Be7 8. O-O
O-O 9. Qd2 b5 10. Bf3 Ra7 11. Qd3 Rc7 12. a4 b4 13. Na2 a5 14. c3 Rc5 15. Bxf6
Bxf6 16. cxb4 axb4 17. Rfd1 Qb6 18. Qd2 Rc4 19. Nb5 Nc6 20. Rac1 Rc5 21. Nxb4
Bg5 22. Rxc5 Bxd2 23. Rxc6 Qa5 24. Rxd2 Qxa4 25. Nc3 Qxb4 26. Rcxd6 Bb7 27.
R6d4 Qc5 28. Be2 h5 29. Rd1 h4 30. Rc4 Qb6 31. Na4 Qb5 32. Bf1 Qe5 33. b4 h3
34. Nc5 hxg2 35. Bxg2 Bc6 36. Nd3 Qh5 37. Ra1 Rd8 38. Rxc6 Rxd3 39. Rc8+ Kh7
40. Rcc1 Qb5 41. Bf1 Qg5+ 42. Bg2 Rd2 43. Rab1 Qf6 44. Rf1 Rb2 45. b5 Qe5 46.
b6 Qb5 47. Rxb2 Qxb2 48. Rd1 Qxb6 49. Bf3 Qb5 50. Kg2 Kg6 51. h4 f6 52. Rd6 Qe5
53. Rd8 Kh7 54. Ra8 g6 55. Ra7+ Kh6 56. Ra6 f5 57. exf5 gxf5 58. Rc6 Kg6 59.
Ra6 Kf6 60. h5 Qc7 61. Rc6 Qd7 62. Ra6 Kg5 63. Rb6 e5 64. Rg6+ Kf4 65. h6 Qh7
66. Bh5 e4 67. Kh3 Ke5 68. Rb6 Qe7 69. Rg6 Qb7 70. Kh2 Qh7 71. Kh3 f4 72. Rg5+
Kd4 73. Rg6 f3 74. Re6 Kd3 75. Kg3 Qc7+ 76. Kg4 Qd7 77. Kf5 Ke2 78. Bg4 Kxf2
79. Kg6 e3 80. h7 Qd3+ 81. Bf5 Qd4 82. Rf6 Qh4 0-1

[Event "2MCR_3DE_1L_3S"]
[Site "?"]
[Date "2007.??.??"]
[Round "?"]
[White "Janocko, Petr"]
[Black "Vojtek, Frantisek"]
[Result "1/2-1/2"]
[WhiteElo "2177"]
[BlackElo "2196"]
[Annotator "092"]
[PlyCount "90"]
[EventDate "2007.??.??"]
[EventType "corr"]
[EventRounds "1"]
[SourceDate "2007.01.28"]

1. e4 e5 2. Nf3 Nc6 3. Bb5 a6 4. Ba4 Nf6 5. O-O b5 6. Bb3 Be7 7. Re1 O-O 8. a4
b4 9. c3 d6 10. a5 Rb8 11. Bc4 bxc3 12. dxc3 Bb7 13. Nbd2 Qc8 14. Nf1 Nd8 15.
Ng3 Re8 16. b4 c6 17. Nf5 d5 18. Nxe7+ Rxe7 19. exd5 cxd5 20. Bb3 Qc7 21. Be3
Ne6 22. Rc1 e4 23. c4 dxc4 24. Rxc4 Qd7 25. Ne5 Qb5 26. Qd6 Rbe8 27. Rec1 Nd8
28. Bf4 Ne6 29. Bg3 h6 30. Ra1 Qd5 31. Rd1 Qxd6 32. Rxd6 Bd5 33. Rxa6 Rb7 34.
Rac6 Reb8 35. Rc8+ Kh7 36. Rxb8 Rxb8 37. Nxf7 Rb7 38. Nd6 Bxc4 39. Nxb7 Bxb3
40. Nd6 Bd5 41. b5 Nd7 42. a6 Nd4 43. a7 Kg6 44. Kf1 Kf6 45. Ne8+ Kf5 1/2-1/2

[Event "2MCR_3DE_1L_1S"]
[Site "?"]
[Date "2007.??.??"]
[Round "?"]
[White "Soucha, Stepan"]
[Black "Ryvova, Anna"]
[Result "1/2-1/2"]
[WhiteElo "2353"]
[BlackElo "2254"]
[Annotator "090"]
[PlyCount "85"]
[EventDate "2007.??.??"]
[EventType "corr"]
[EventRounds "1"]
[SourceDate "2007.01.28"]

1. d4 Nf6 2. c4 e6 3. Nf3 b6 4. g3 Bb7 5. Bg2 Be7 6. Nc3 Ne4 7. Bd2 Bf6 8. O-O
O-O 9. Rc1 Nxd2 10. Qxd2 d6 11. d5 e5 12. h4 Nd7 13. Bh3 a5 14. Qc2 Nc5 15. e4
Ba6 16. b3 h5 17. Ne1 Qe7 18. Nd3 g6 19. a3 Rfb8 20. Rb1 Bg7 21. b4 Nxd3 22.
Qxd3 Bc8 23. Bxc8 Rxc8 24. Rfc1 Bh6 25. Rc2 axb4 26. axb4 Ra3 27. Qe2 Rca8 28.
Kg2 Bf8 29. Rbb2 Qd7 30. Ra2 Be7 31. Rxa3 Rxa3 32. Rc1 Ra8 33. Qd1 Kg7 34. Rb1
f5 35. exf5 Qxf5 36. Qe2 Ra3 37. Ne4 Qd7 38. f3 Qa4 39. Rb2 Qa6 40. Rc2 Qa4 41.
Rb2 Qa6 42. Rc2 Qa4 43. Rb2 1/2-1/2

[Event "2MCR_3DE_1L_1S"]
[Site "?"]
[Date "2007.??.??"]
[Round "?"]
[White "Contos, Vaclav"]
[Black "Soucha, Stepan"]
[Result "1/2-1/2"]
[WhiteElo "2200"]
[BlackElo "2353"]
[Annotator "091"]
[PlyCount "91"]
[EventDate "2007.??.??"]
[EventType "corr"]
[EventRounds "1"]
[SourceDate "2007.01.28"]

1. d4 d5 2. c4 e6 3. Nc3 Nf6 4. cxd5 exd5 5. Bg5 Be7 6. Qc2 c6 7. e3 Nbd7 8.
Bd3 Nh5 9. Bxe7 Qxe7 10. Nge2 Nb6 11. h3 g6 12. O-O-O Ng7 13. g4 Bd7 14. Kb1
O-O-O 15. Nf4 Kb8 16. Be2 Ne6 17. Nd3 Rc8 18. Bf3 Rhf8 19. Bg2 f5 20. Ne5 Ng5
21. f4 Nf7 22. g5 Nxe5 23. dxe5 h6 24. h4 Rh8 25. Ne2 Rh7 26. Nd4 h5 27. Ne2
Rhh8 28. Rd3 Rhd8 29. Rc1 Be6 30. b3 c5 31. Rc3 d4 32. exd4 c4 33. Qb2 Qb4 34.
a3 Qe7 35. b4 Na4 36. Qd2 b5 37. R3c2 Bd5 38. Bxd5 Rxd5 39. Nc3 Nxc3+ 40. Qxc3
Rc6 41. Ra2 Qd7 42. Rd1 Rc7 43. Rc2 Rc6 44. Kb2 Ra6 45. Qe3 Qe6 46. Rc3 1/2-1/2

[Event "2MCR_3DE_1L_3S"]
[Site "?"]
[Date "2007.??.??"]
[Round "?"]
[White "Jirku, Jaroslav"]
[Black "Ryska, Jiri"]
[Result "1-0"]
[WhiteElo "2299"]
[BlackElo "2072"]
[Annotator "093"]
[PlyCount "95"]
[EventDate "2007.??.??"]
[EventType "corr"]
[EventRounds "1"]
[SourceDate "2007.01.28"]

1. e4 e5 2. Nf3 Nc6 3. Bb5 a6 4. Ba4 Nf6 5. O-O Be7 6. Re1 b5 7. Bb3 d6 8. c3
O-O 9. h3 Nb8 10. d4 Nbd7 11. Nbd2 c5 12. Bc2 Re8 13. Nf1 Bb7 14. Ng3 Bf8 15.
d5 g6 16. Bg5 h6 17. Be3 Nb6 18. b3 Bg7 19. Qd2 Kh7 20. a4 bxa4 21. b4 Nc4 22.
Qe2 Nxe3 23. Qxe3 cxb4 24. cxb4 Re7 25. Bxa4 Rc7 26. Rec1 a5 27. Rxc7 Qxc7 28.
Rc1 Qb8 29. b5 Nd7 30. Nd2 Nc5 31. Qa3 Bc8 32. Nc4 Bd7 33. Rb1 Bf8 34. Ne2 Qd8
35. Bc2 Kg7 36. Nc3 Nb7 37. b6 Rc8 38. Bd3 Qg5 39. Ne3 Ra8 40. Bb5 Bxb5 41.
Nxb5 Qf4 42. f3 Rc8 43. Nc7 a4 44. Nc4 Nc5 45. Qc3 Kg8 46. Nxd6 Bxd6 47. Na6
Bf8 48. b7 1-0

[Event "2MCR_3DE_1L_2S"]
[Site "?"]
[Date "2007.??.??"]
[Round "?"]
[White "Postl, Rostislav"]
[Black "Canibal, Jaromir"]
[Result "1/2-1/2"]
[WhiteElo "2340"]
[BlackElo "2255"]
[Annotator "096"]
[PlyCount "137"]
[EventDate "2007.??.??"]
[EventType "corr"]
[EventRounds "1"]
[SourceDate "2007.01.28"]

1. e4 e5 2. Nf3 Nf6 3. Nc3 Nc6 4. Bc4 Nxe4 5. Nxe4 d5 6. Bd3 f5 7. Nc3 e4 8.
Bb5 exf3 9. Qxf3 Be6 10. d4 Bd6 11. Bf4 a6 12. Qe3 Qe7 13. Bxd6 Qxd6 14. Bxc6+
bxc6 15. f4 O-O 16. O-O Bf7 17. Na4 Qb4 18. b3 Rae8 19. Qf2 Bh5 20. c3 Qa5 21.
Qg3 Re2 22. Rfe1 Qb5 23. Nc5 Rfe8 24. Qh4 Qa5 25. Rec1 Bg6 26. a4 Qb6 27. Re1
Qb8 28. h3 R2e4 29. b4 Qc8 30. Nxe4 dxe4 31. a5 Qd7 32. Qf2 Rb8 33. Re3 Rb5 34.
Rae1 h6 35. Qh4 Qd6 36. Rf1 Kh8 37. g4 Kg8 38. Qe1 Qe6 39. Rf2 h5 40. Rh2 fxg4
41. hxg4 hxg4 42. Qh4 Bh5 43. Rg2 Rd5 44. Qe1 Bg6 45. Qe2 c5 46. bxc5 Bf5 47.
Qb2 Rd8 48. Qb7 Rc8 49. Rh2 Kf7 50. Rb2 Kg6 51. d5 Qf6 52. Rh2 Rd8 53. Rd2 Rh8
54. Rc2 Qh4 55. Rg2 Qh1+ 56. Kf2 Rh2 57. Qxa6+ Kf7 58. Qf1 Rxg2+ 59. Qxg2 Qd1
60. Kg3 Qxd5 61. a6 Qxc5 62. Qe2 Kg6 63. Kh2 Qb6 64. Rg3 Kf7 65. Qc4+ Be6 66.
Qxe4 Qxa6 67. Qe5 Qd6 68. Rg1 Qd3 69. Qxc7+ 1/2-1/2

[Event "2MCR_3DE_1L_1S"]
[Site "?"]
[Date "2007.??.??"]
[Round "?"]
[White "Toman, Antonin"]
[Black "Jandovsky, Viktor"]
[Result "0-1"]
[WhiteElo "2271"]
[BlackElo "2275"]
[Annotator "092"]
[PlyCount "100"]
[EventDate "2007.??.??"]
[EventType "corr"]
[EventRounds "1"]
[SourceDate "2007.01.28"]

1. e4 c5 2. b3 Nc6 3. Bb2 d6 4. Bb5 Bd7 5. Ne2 a6 6. Bxc6 Bxc6 7. Ng3 Nf6 8.
Bxf6 gxf6 9. Nc3 e6 10. Qg4 d5 11. Nh5 d4 12. Ne2 Kd7 13. b4 Be7 14. bxc5 Rg8
15. Qf4 Rg5 16. Nhg3 Bxc5 17. Qh4 Qh8 18. f4 Rg6 19. Qh5 Qf8 20. f5 Rg5 21. Qf3
Qe7 22. fxe6+ fxe6 23. c3 dxc3 24. d4 Bd6 25. O-O Rag8 26. Rf2 h5 27. Rc1 h4
28. Nh5 f5 29. Nxc3 Kc8 30. Nf4 Bxf4 31. Qxf4 Qg7 32. Qd2 Rd8 33. Ne2 fxe4 34.
Qe3 Kb8 35. Nf4 Rd6 36. Ne2 Ra5 37. a3 e5 38. Rf5 Rg6 39. Rf2 Rd5 40. dxe5 Rd3
41. Qc5 e3 42. Rf8+ Kc7 43. g3 hxg3 44. h4 Rd5 45. Qb4 Qd7 46. Nc3 e2 47. Nxd5+
Qxd5 48. Qe7+ Kb6 49. Qd8+ Qxd8 50. Rxd8 Rg4 0-1

[Event "2MCR_3DE_1L_3S"]
[Site "?"]
[Date "2007.??.??"]
[Round "?"]
[White "Sykora, Josef"]
[Black "Tomisek, Petr"]
[Result "1-0"]
[WhiteElo "2365"]
[BlackElo "2186"]
[Annotator "094"]
[PlyCount "105"]
[EventDate "2007.??.??"]
[EventType "corr"]
[EventRounds "1"]
[SourceDate "2007.01.28"]

1. c4 g6 2. Nf3 Bg7 3. g3 c5 4. Bg2 Nc6 5. O-O d6 6. Nc3 f5 7. d3 Nf6 8. a3 O-O
9. Rb1 a5 10. Ne1 Bd7 11. Nc2 a4 12. Ne1 Nd4 13. Bxb7 Rb8 14. Bg2 Nb3 15. Nf3
h6 16. Nd2 Qc7 17. e3 e6 18. Qc2 Qc8 19. h3 Qe8 20. Nxb3 Rxb3 21. Bd2 Bc6 22.
Ne2 Bxg2 23. Kxg2 Qa8+ 24. f3 Nd7 25. Bc3 Ne5 26. Rbe1 Qc6 27. e4 g5 28. Nc1
Rb7 29. Rf2 h5 30. Ne2 g4 31. Ng1 fxe4 32. dxe4 Qa6 33. f4 Nxc4 34. Bxg7 Rxg7
35. Qd3 d5 36. exd5 Rd8 37. Re5 exd5 38. Rxh5 Qg6 39. Qxg6 Rxg6 40. hxg4 Ne3+
41. Kf3 Nxg4 42. Rc2 Nf6 43. Re5 Rb8 44. Ne2 Rb3+ 45. Rc3 Rb5 46. f5 Rh6 47.
Nf4 Rxb2 48. Nxd5 Rb3 49. Nxf6+ Rxf6 50. Rce3 Rc6 51. Kf4 Rb8 52. Kg5 c4 53. f6
1-0